Sports Quiz

Random Sports or Play Quiz
Score 0/20 Timer 01:30
0 Plays Today
Hint Answer % Correct
Anthony BennettAnthony Bennett
100%
Micheal Jordan Micheal Jordan
96.9%
Kobe Bryant Kobe Bryant
93.8%
John Wall John Wall
90.8%
Jimmy Butler Jimmy Butler
90.8%
Shaquille O'NealShaquille O'Neal
90.8%
Carmelo Anthony Carmelo Anthony
89.2%
Russell Westbrook Russell Westbrook
86.9%
James HardenJames Harden
86.2%
Kawhi LeonardKawhi Leonard
86.2%
Hint Answer % Correct
Giannis AntetokounmpoGiannis Antetokounmpo
86.2%
Isaiah ThomasIsaiah Thomas
84.6%
Kyrie Irving Kyrie Irving
83.1%
Kemba Walker Kemba Walker
81.5%
LeBron JamesLeBron James
78.5%
Kevin Durant Kevin Durant
77.7%
Anthony Davis Anthony Davis
77.7%
Chris PaulChris Paul
77.7%
Paul George Paul George
77.7%
Stephen Curry Stephen Curry
75.4%
Remove Ads.
Support Sporcle.
Get the best of Sporcle when you Go Orange. This ad-free experience offers more features, more stats, and more fun while also helping to support Sporcle. Thank you for becoming a member.

You're not logged in!

Compare scores with friends on all Sporcle quizzes.
OR
Log In

Sporcle TV

Today on Sporcle TV


Watch our educational content, quiz creation guides, and fun videos on Sporcle TV.

Show Comments

Extras

Top Quizzes Today


Score Distribution

Paid Content

Your Account Isn't Verified!

In order to create a playlist on Sporcle, you need to verify the email address you used during registration. Go to your Sporcle Settings to finish the process.

Report this User

Report this user for behavior that violates our Community Guidelines.

Details: